Busiest Train Stations by Country (Europe) - Statistics

General Stats
  • This quiz has been taken 202 times
  • The average score is 14 of 18
Answer Stats
Country Passengers (millions) Answer % Correct
Italy 150 Roma Termini
96%
Spain 116.6 Madrid Atocha
94%
Spain 35.1 Madrid Chamartin
94%
Italy 120 Milano Centrale
94%
Switzerland 154.6 Zürich HB
93%
Spain 44.6 Barcelona Sants
92%
Germany 150.7 München Hbf
90%
Switzerland 67.2 Bern
89%
Germany 196 Hamburg Hbf
89%
Germany 179.9 Frankfurt (Main) Hbf
88%
France 292.2 Paris-Nord
81%
Italy 70 Torino Porta Nuova
75%
Switzerland 36.4 Basel SBB
72%
France 150.2 Paris-Gare-De-Lyon
70%
United Kingdom 94.2 London Waterloo
54%
United Kingdom 74.7 London Victoria
45%
United Kingdom 69.5 London Liverpool Street
38%
France 107.3 Paris-Saint-Lazare
25%
No matching quizzes found
Score Distribution
Percent of People with Each Score
Percentile by Number Answered
Your Score History
You have not taken this quiz